000 00248nam a2200097Ia 4500
005 20251222113743.0
008 251222s1900||||xx |||||||||||||| ||spa||
082 _aDVD0070/S18/1998
245 0 _aEstación central de Brazil:Central Do Brasil
942 _cDVD
999 _c669
_d669